| 000 -LEADER |
| fixed length control field |
00951nam a22001817a 4500 |
| 005 - DATE AND TIME OF LATEST TRANSACTION |
| control field |
20260123084145.0 |
| 008 - FIXED-LENGTH DATA ELEMENTS--GENERAL INFORMATION |
| fixed length control field |
230721b ||||| |||| 00| 0 eng d |
| 040 ## - CATALOGING SOURCE |
| Transcribing agency |
SSBUL |
| Modifying agency |
SSBUL |
| 082 ## - DEWEY DECIMAL CLASSIFICATION NUMBER |
| Edition number |
23 |
| Classification number |
၈၉၅.၈၄ မြ ၁၆၀၄၃ (S-SAT) |
| 100 ## - MAIN ENTRY--PERSONAL NAME |
| Personal name |
မြကြိုင်၊ |
| Titles and words associated with a name |
မောင်၊ |
| Miscellaneous information |
ကြူရတနာ။ |
| 9 (RLIN) |
28267 |
| 245 ## - TITLE STATEMENT |
| Title |
စာပေယဉ်ကျေးမှု ဆောင်းပါးများ / |
| Statement of responsibility, etc. |
ကြူရတနာမောင်မြကြိုင်။ |
| 260 ## - PUBLICATION, DISTRIBUTION, ETC. |
| Place of publication, distribution, etc. |
ရန်ကုန်၊ |
| Name of publisher, distributor, etc. |
ရှင်မတောင်စာပေ၊ |
| Date of publication, distribution, etc. |
၂၀၀၄။ |
| 300 ## - PHYSICAL DESCRIPTION |
| Extent |
၁၃၄ စာမျက်နှာ၊ |
| Other physical details |
ဓာတ်ပုံများ၊ |
| Dimensions |
၁၈ စင်တီ။ |
| 500 ## - GENERAL NOTE |
| General note |
S-SAT: Dr. Prof Sai Aung Tun |
| 650 ## - SUBJECT ADDED ENTRY--TOPICAL TERM |
| Topical term or geographic name entry element |
မြန်မာဆောင်းပါး။ |
| 9 (RLIN) |
9185 |
|
| Topical term or geographic name entry element |
မြန်မာစာပေ |
| Form subdivision |
ဆောင်းပါး။ |
| 9 (RLIN) |
28268 |
| 942 ## - ADDED ENTRY ELEMENTS (KOHA) |
| Source of classification or shelving scheme |
|
| Koha item type |
Book (Short term) |